00553 a2200193 4500260001000000630009900010037001200109650002800121100002100149260001200170245008600182300000900268650002700277260000900304300001000313100000700323037001100330020001800341 aParis a65 - Gestion et organisation de lindustrie, du commerce, de la communication et des transports b1, CIUF a6 - SCIENCES APPLIQUEES aJarrosson, Bruno bMaxima  aDécider ou ne pas décider ? : réflexions sur les processus de la décision a245p aDécision : théorie c2000 b24 cm lFr a03/298 a2.84001.055.0